[Event "Locri op 3rd"]
[Site "Locri"]
[Date "2015.07.15"]
[Round "4"]
[White "Tricomi, Massimo"]
[Black "Rocchetti, Marco"]
[Result "0-1"]
[WhiteElo "1930"]
[BlackElo "1852"]
[PlyCount "74"]
[EventDate "2015.07.13"]
[EventType "swiss"]
[EventRounds "9"]
[EventCountry "ITA"]
[SourceTitle "EXT 2024"]
[Source "ChessBase"]
[SourceDate "2023.10.10"]
[SourceVersion "1"]
[SourceVersionDate "2023.10.10"]
[SourceQuality "1"]

1. Nf3 d5 2. d4 Nf6 3. c4 e6 4. cxd5 exd5 5. Bg5 Be7 6. Qc2 c6 7. e3 Bg4 8. Nbd2 Nbd7 9. Bd3 Bh5 10. 0-0 Bg6 11. Rab1 Bxd3 12. Qxd3 0-0 13. b4 a6 14. a4 Ne4 15. Bxe7 Qxe7 16. b5 cxb5 17. axb5 Nxd2 18. Nxd2 a5 19. Qb3 Qd6 20. Rfc1 Rfc8 21. Rc3 Nb6 22. Rbc1 Rxc3 23. Qxc3 a4 24. Qc5 Qd8 25. Qa3 g6 26. Rc5 Qd7 27. g3 Ra5 28. Qb4 Ra8 29. Nb1 h5 30. Kg2 Qf5 31. h4 Qe4+ 32. Kg1 Nc4 33. Nc3 Qc2 34. Rxd5 Nd2 35. Nxa4 Qd1+ 36. Kh2 Qe1 37. Kg2 Qf1+ 0-1

[Event "Locri op 2nd"]
[Site "Locri"]
[Date "2014.04.18"]
[Round "5"]
[White "Tricomi, Massimo"]
[Black "Arnetta, Maria Teresa"]
[Result "1/2-1/2"]
[WhiteElo "1883"]
[BlackElo "1998"]
[PlyCount "130"]
[EventDate "2014.04.16"]
[EventType "swiss"]
[EventRounds "7"]
[EventCountry "ITA"]
[SourceTitle "EXT 2017"]
[Source "ChessBase"]
[SourceDate "2016.10.25"]
[SourceVersion "1"]
[SourceVersionDate "2016.10.25"]
[SourceQuality "1"]

1. b3 e5 2. Bb2 Nc6 3. e3 d5 4. Bb5 Bd6 5. f4 Qh4+ 6. g3 Qe7 7. Nf3 f6 8. Nc3 d4 9. Nd5 Qf7 10. fxe5 fxe5 11. e4 Qh5 12. Be2 Qg6 13. d3 Nge7 14. Nxe5 Qe6 15. Nxc6 Nxc6 16. 0-0 Bd7 17. Nf4 Qh6 18. Bh5+ g6 19. Bg4 0-0-0 20. Bxd7+ Rxd7 21. Qg4 Re8 22. Nd5 Ne5 23. Qe2 Be7 24. Bxd4 Nc6 25. Nxe7+ Rdxe7 26. Bf6 Re6 27. Bc3 g5 28. Qg4 Kb8 29. Rf5 Ne5 30. Bxe5 Rxe5 31. Raf1 Qb6+ 32. Kg2 Rxf5 33. Rxf5 Qc6 34. Qe2 h6 35. Qf2 a6 36. Rf6 Re6 37. Rf8+ Re8 38. Rxe8+ Qxe8 39. Qf6 Qh5 40. Qf3 Qe8 41. d4 Qe7 42. e5 Qh7 43. Qf8+ Ka7 44. Qc5+ Kb8 45. Qf8+ Ka7 46. Qf2 Qe4+ 47. Kg1 g4 48. Qd2 h5 49. Qd3 Qe1+ 50. Kg2 Kb8 51. c3 Ka8 52. b4 Kb8 53. a4 Kc8 54. Qf5+ Kb8 55. e6 Qe2+ 56. Kg1 Qe1+ 57. Qf1 Qxe6 58. Qf8+ Ka7 59. Qc5+ Kb8 60. Qf8+ Ka7 61. Qf2 Qd5 62. Qf4 Qb3 63. Qxc7 Qd1+ 64. Kf2 Qd2+ 65. Kf1 Qd1+ 1/2-1/2

[Event "Locri op 2nd"]
[Site "Locri"]
[Date "2014.04.18"]
[Round "6"]
[White "Tricomi, Massimo"]
[Black "Violi, Vincenzo"]
[Result "1-0"]
[WhiteElo "1883"]
[BlackElo "1859"]
[PlyCount "55"]
[EventDate "2014.04.16"]
[EventType "swiss"]
[EventRounds "7"]
[EventCountry "ITA"]
[SourceTitle "EXT 2017"]
[Source "ChessBase"]
[SourceDate "2016.10.25"]
[SourceVersion "1"]
[SourceVersionDate "2016.10.25"]
[SourceQuality "1"]

1. b3 b6 2. Bb2 Bb7 3. e3 e6 4. Nf3 f5 5. d4 Nf6 6. Nbd2 Be7 7. Bd3 0-0 8. Qe2 c5 9. c4 cxd4 10. exd4 Nh5 11. Qe3 Na6 12. a3 Nc7 13. 0-0 Bf6 14. Be2 g6 15. Rfe1 Bg7 16. Ne5 d6 17. Nd3 Nf6 18. Bf3 Bxf3 19. Nxf3 Nd7 20. Rad1 Qe7 21. Re2 Qf7 22. Ng5 f4 23. Nxf7 fxe3 24. Nxd6 exf2+ 25. Rxf2 Bh6 26. Kf1 Rxf2+ 27. Kxf2 Rf8+ 28. Ke2 1-0

[Event "Locri op 2nd"]
[Site "Locri"]
[Date "2014.04.16"]
[Round "1"]
[White "Tricomi, Massimo"]
[Black "Rossi, Aldo A"]
[Result "0-1"]
[WhiteElo "1883"]
[BlackElo "2260"]
[PlyCount "114"]
[EventDate "2014.04.16"]
[EventType "swiss"]
[EventRounds "7"]
[EventCountry "ITA"]
[SourceTitle "EXT 2017"]
[Source "ChessBase"]
[SourceDate "2016.10.25"]
[SourceVersion "1"]
[SourceVersionDate "2016.10.25"]
[SourceQuality "1"]

1. b3 e5 2. Bb2 d6 3. e3 f5 4. d4 e4 5. d5 Nf6 6. Nh3 g6 7. Nf4 Bg7 8. h4 0-0 9. Nc3 Ng4 10. Be2 Ne5 11. Qd2 Bf6 12. 0-0-0 Qe8 13. Nb5 Na6 14. Nd4 Nc5 15. Rdg1 a5 16. a4 Bd7 17. f3 Qe7 18. g4 exf3 19. Bxf3 Nxf3 20. Nxf3 Ne4 21. Bxf6 Qxf6 22. Qd4 Qxd4 23. Nxd4 Nf2 24. Rh2 Nxg4 25. Re2 Rf7 26. h5 gxh5 27. Nxh5 Kh8 28. Nf4 c5 29. Nde6 Rg8 30. Reg2 Bxe6 31. Nxe6 Re8 32. Kd2 Ne5 33. Rg3 c4 34. Rh1 Rg8 35. Rxg8+ Kxg8 36. Rg1+ Kh8 37. Rg3 Rf6 38. Nd8 b6 39. Kc3 cxb3 40. cxb3 Rg6 41. Rxg6 hxg6 42. Nc6 Kg7 43. Ne7 Kf6 44. Nc8 Nd7 45. Nxd6 Ke5 46. Nc4+ Kxd5 47. Kd2 Kc5 48. Kc3 g5 49. Kd3 Nf6 50. Ke2 Nd5 51. Kd3 g4 52. Nd2 Nf6 53. Nc4 Nd7 54. e4 f4 55. e5 Kd5 56. Ke2 Nxe5 57. Nxb6+ Kc5 0-1

[Event "Messina op 2nd"]
[Site "Messina"]
[Date "2012.08.29"]
[Round "3"]
[White "Carbone, Stefano"]
[Black "Tricomi, Massimo"]
[Result "1-0"]
[WhiteElo "2002"]
[BlackElo "1837"]
[PlyCount "47"]
[EventDate "2012.08.27"]
[EventType "swiss"]
[EventRounds "8"]
[EventCountry "ITA"]
[SourceTitle "EXT 2014"]
[Source "ChessBase"]
[SourceDate "2013.11.20"]
[SourceVersion "1"]
[SourceVersionDate "2013.11.20"]
[SourceQuality "1"]

1. Nf3 d6 2. d4 Bg4 3. g3 Bxf3 4. exf3 e5 5. d5 Nf6 6. c4 Nbd7 7. Bg2 Be7 8. Nc3 0-0 9. 0-0 a6 10. f4 exf4 11. Bxf4 Re8 12. Qc2 Nf8 13. Bd2 Qd7 14. h3 Ng6 15. Ne2 Bf8 16. Nd4 h6 17. Bc3 Ne7 18. Rfd1 Rab8 19. a4 g6 20. Ne6 Bg7 21. Nxg7 Kxg7 22. Bxf6+ Kxf6 23. Qc3+ Kg5 24. h4+ 1-0

[Event "Costa Viola op-B 5th"]
[Site "Palmi"]
[Date "2012.01.05"]
[Round "6"]
[White "Tricomi, Massimo"]
[Black "Pelyushenko, Vladyslav"]
[Result "1-0"]
[WhiteElo "1839"]
[BlackElo "1787"]
[PlyCount "117"]
[EventDate "2012.01.02"]
[EventType "swiss"]
[EventRounds "8"]
[EventCountry "ITA"]
[SourceTitle "EXT 2023"]
[Source "ChessBase"]
[SourceDate "2022.10.05"]
[SourceVersion "1"]
[SourceVersionDate "2022.10.05"]
[SourceQuality "1"]

1. b3 e5 2. Bb2 Nc6 3. e3 d5 4. Bb5 Bd6 5. Nf3 Qe7 6. d4 e4 7. Ne5 Bd7 8. Nxd7 Qxd7 9. Be2 Nf6 10. c4 Be7 11. Ba3 Bxa3 12. Nxa3 0-0 13. Rc1 a6 14. Nb1 Ne7 15. cxd5 Qxd5 16. Nc3 Qa5 17. Qd2 Qf5 18. 0-0 c6 19. f3 Qa5 20. Nxe4 Qxd2 21. Nxd2 Nf5 22. Kf2 Rfe8 23. Nc4 Nd5 24. e4 Nxd4 25. Nd6 Nxe2 26. Kxe2 Re7 27. Nxb7 Nf4+ 28. Ke3 Nxg2+ 29. Kf2 Nf4 30. Nc5 h5 31. Rfd1 h4 32. Rc4 Nh3+ 33. Ke3 g5 34. Rd7 Rae8 35. Rxe7 Rxe7 36. Nxa6 f5 37. Rxc6 f4+ 38. Ke2 Rd7 39. Rc8+ Kg7 40. Rc7 Rxc7 41. Nxc7 Ng1+ 42. Kf2 Nh3+ 43. Kg2 g4 44. Nd5 Ng5 45. fxg4 h3+ 46. Kf2 Nxe4+ 47. Kf3 Nd2+ 48. Ke2 Ne4 49. Nxf4 Nc3+ 50. Kd2 Nxa2 51. Nd5 Kg6 52. Kc2 Kg5 53. Kb2 Nb4 54. Nxb4 Kxg4 55. Nd3 Kf3 56. b4 Kg2 57. Nf4+ Kxh2 58. Nxh3 Kxh3 59. b5 1-0

[Event "Amantea op-B 9th"]
[Site "Amantea"]
[Date "2011.09.09"]
[Round "6"]
[White "Tricomi, Massimo"]
[Black "Martino, Giovanni"]
[Result "1-0"]
[WhiteElo "1889"]
[BlackElo "1542"]
[PlyCount "71"]
[EventDate "2011.09.04"]
[EventType "swiss"]
[EventRounds "8"]
[EventCountry "ITA"]
[SourceTitle "EXT 2014"]
[Source "ChessBase"]
[SourceDate "2013.11.20"]
[SourceVersion "1"]
[SourceVersionDate "2013.11.20"]
[SourceQuality "1"]

1. b3 Nf6 2. Bb2 g6 3. Bxf6 exf6 4. c4 d6 5. g3 Bg7 6. Nc3 c6 7. Bg2 Nd7 8. d4 f5 9. e3 Nf6 10. Nge2 h5 11. h4 0-0 12. Rb1 a5 13. 0-0 Ng4 14. Nf4 Qe7 15. Qd2 Re8 16. a3 Nf6 17. b4 axb4 18. axb4 Ne4 19. Nxe4 fxe4 20. b5 c5 21. dxc5 dxc5 22. Nd5 Qd6 23. Qc2 Bf5 24. b6 Ra3 25. Rb3 Ra4 26. Rd1 Qc6 27. Nc7 Rc8 28. Rb5 Rb4 29. Nd5 Qe6 30. Nxb4 cxb4 31. Rxb4 Rc6 32. c5 Bg4 33. Rxe4 Bxd1 34. Rxe6 Bxc2 35. Re8+ Kh7 36. Bxc6 1-0

[Event "Amantea op-B 9th"]
[Site "Amantea"]
[Date "2011.09.07"]
[Round "4"]
[White "Tricomi, Massimo"]
[Black "Di Salvio, Giuseppe"]
[Result "1-0"]
[WhiteElo "1889"]
[BlackElo "1785"]
[PlyCount "59"]
[EventDate "2011.09.04"]
[EventType "swiss"]
[EventRounds "8"]
[EventCountry "ITA"]
[SourceTitle "EXT 2014"]
[Source "ChessBase"]
[SourceDate "2013.11.20"]
[SourceVersion "1"]
[SourceVersionDate "2013.11.20"]
[SourceQuality "1"]

1. b3 e5 2. Bb2 Nc6 3. e3 Nf6 4. Bb5 d6 5. Ne2 Be7 6. 0-0 Bd7 7. f4 e4 8. Bxc6 bxc6 9. c4 0-0 10. Ng3 d5 11. Nc3 Re8 12. Nh5 dxc4 13. f5 Qc8 14. Ng3 Bd6 15. Ncxe4 Nxe4 16. Qg4 c3 17. dxc3 Nxg3 18. c4 Be5 19. Bxe5 Rxe5 20. Qxg3 Rxf5 21. Rfd1 Qe8 22. Rd4 c5 23. Rd3 Re5 24. Rad1 Bf5 25. Qxe5 Bxd3 26. Qxe8+ Rxe8 27. Rxd3 f5 28. Kf2 Re5 29. Rd7 Re6 30. Rxc7 1-0

[Event "St Eufemia d'Aspromonte op-B 4th"]
[Site "St Eufemia d'Aspromonte"]
[Date "2011.01.04"]
[Round "4"]
[White "Tricomi, Massimo"]
[Black "Serratore, Vincenzo"]
[Result "1-0"]
[WhiteElo "1881"]
[BlackElo "1874"]
[PlyCount "99"]
[EventDate "2011.01.02"]
[EventType "swiss"]
[EventRounds "8"]
[EventCountry "ITA"]
[SourceTitle "EXT 2013"]
[Source "ChessBase"]
[SourceDate "2012.11.22"]
[SourceVersion "1"]
[SourceVersionDate "2012.11.22"]
[SourceQuality "1"]

1. c4 c5 2. g3 e6 3. Bg2 Be7 4. Nc3 Nc6 5. e3 Nf6 6. Nge2 d5 7. cxd5 Nxd5 8. Nxd5 exd5 9. d4 c4 10. Nf4 Be6 11. Nxe6 fxe6 12. Qg4 Qd6 13. a3 0-0 14. 0-0 Bf6 15. e4 Bxd4 16. exd5 exd5 17. Bf4 Ne5 18. Rad1 Nxg4 19. Bxd6 Bxf2+ 20. Kh1 Ne3 21. Bxf8 Rxf8 22. Bxd5+ Kh8 23. Rxf2 Rxf2 24. Re1 Rf1+ 25. Rxf1 Nxf1 26. Bxb7 Ne3 27. Bf3 Nf5 28. Kg1 g6 29. Kf2 Kg7 30. Bd5 Nd6 31. Ke3 g5 32. g4 Kf6 33. Kd4 h6 34. Bg8 Kg7 35. Bxc4 Kf6 36. b4 Nxc4 37. Kxc4 Ke5 38. b5 Kf4 39. a4 Kxg4 40. a5 Kh3 41. b6 axb6 42. axb6 Kxh2 43. b7 g4 44. b8Q+ g3 45. Qf4 Kg2 46. Qxh6 Kf2 47. Qf4+ Kg2 48. Kd3 Kh1 49. Qh4+ Kg2 50. Ke2 1-0

[Event "Amantea op-B 8th"]
[Site "Amantea"]
[Date "2010.09.04"]
[Round "7"]
[White "Carbone, Stefano"]
[Black "Tricomi, Massimo"]
[Result "1-0"]
[WhiteElo "1885"]
[BlackElo "1890"]
[PlyCount "38"]
[EventDate "2010.08.29"]
[EventType "swiss"]
[EventRounds "9"]
[EventCountry "ITA"]
[SourceTitle "CBM 138 Extra"]
[Source "ChessBase"]
[SourceDate "2010.10.29"]
[SourceVersion "1"]
[SourceVersionDate "2010.10.29"]
[SourceQuality "1"]

1. g3 e5 2. c4 Nc6 3. Bg2 Nf6 4. Nc3 Bc5 5. e3 d5 6. Nxd5 Nxd5 7. cxd5 Nb4 8. Qb3 Bf5 9. e4 Bg4 10. f3 Qf6 11. a3 Qb6 12. d4 exd4 13. axb4 d3 14. Qa4+ Bd7 15. bxc5 d2+ 16. Bxd2 Qxb2 17. Qa3 Qd4 18. Qc3 Qxc3 19. Bxc3 0-0 1-0

[Event "Amantea op-B 8th"]
[Site "Amantea"]
[Date "2010.08.31"]
[Round "3"]
[White "De Marinis, Marcello"]
[Black "Tricomi, Massimo"]
[Result "0-1"]
[WhiteElo "1774"]
[BlackElo "1890"]
[PlyCount "134"]
[EventDate "2010.08.29"]
[EventType "swiss"]
[EventRounds "9"]
[EventCountry "ITA"]
[SourceTitle "CBM 138 Extra"]
[Source "ChessBase"]
[SourceDate "2010.10.29"]
[SourceVersion "1"]
[SourceVersionDate "2010.10.29"]
[SourceQuality "1"]

1. d4 Nf6 2. c4 e6 3. Nf3 Bb4+ 4. Bd2 Qe7 5. Qb3 Bxd2+ 6. Nbxd2 d6 7. e3 0-0 8. Be2 e5 9. dxe5 dxe5 10. e4 c6 11. Qc3 Bg4 12. 0-0 Nbd7 13. b4 Bxf3 14. Bxf3 c5 15. a3 Rfd8 16. Rfe1 Nf8 17. Nf1 b6 18. Ne3 Rac8 19. Nd5 Nxd5 20. exd5 f6 21. b5 Qd6 22. Bg4 Rc7 23. Re3 Re7 24. Rae1 Rde8 25. Qc2 g6 26. Rg3 Kh8 27. Qc3 f5 28. Bd1 Nd7 29. h4 Nf6 30. Rh3 Ne4 31. Qb2 Qf6 32. h5 Kg7 33. h6+ Kh8 34. Rd3 Nd6 35. Qc3 Qh4 36. Bb3 Qxh6 37. a4 Qg7 38. Qd2 e4 39. Rh3 Qf6 40. Qf4 g5 41. Qc1 h6 42. Bd1 Rg7 43. Bh5 Ree7 44. Be2 f4 45. Bg4 Rh7 46. Be6 Qd4 47. Rd1 Qe5 48. Re1 Ne8 49. Qb1 Nd6 50. Qc1 Kg7 51. Qb1 Rh8 52. Rh5 Qd4 53. Qa1 Qxa1 54. Rxa1 Nxc4 55. Re1 e3 56. fxe3 Nxe3 57. Kf2 Nc4 58. Rc1 Nd6 59. Rhh1 Kf6 60. Rhe1 Ne8 61. Rc2 Ng7 62. Rce2 Rhe8 63. Bh3 Rxe2+ 64. Rxe2 Rxe2+ 65. Kxe2 Ke5 66. g3 fxg3 67. Bg2 Nf5 0-1

[Event "St Eufemia d'Aspromonte op 3rd"]
[Site "St Eufemia d'Aspromonte"]
[Date "2010.01.03"]
[Round "2"]
[White "Tricomi, Massimo"]
[Black "Cordi, Domenico"]
[Result "1-0"]
[WhiteElo "1917"]
[BlackElo "2072"]
[PlyCount "55"]
[EventDate "2010.01.02"]
[EventType "swiss"]
[EventRounds "7"]
[EventCountry "ITA"]
[SourceTitle "CBM 134 Extra"]
[Source "ChessBase"]
[SourceDate "2010.03.03"]
[SourceVersion "1"]
[SourceVersionDate "2010.03.03"]
[SourceQuality "1"]

1. c4 Nf6 2. Nc3 g6 3. g3 d5 4. cxd5 Nxd5 5. Bg2 Nxc3 6. bxc3 Bg7 7. Nf3 0-0 8. 0-0 c5 9. d4 Nc6 10. Be3 cxd4 11. cxd4 Be6 12. Qd2 Qd7 13. Rab1 b6 14. Rfd1 Rfd8 15. Bh6 Rac8 16. Bxg7 Kxg7 17. d5 Bf5 18. Qc3+ f6 19. dxc6 Qxd1+ 20. Rxd1 Rxd1+ 21. Bf1 Bh3 22. Ne1 Rxc6 23. Qb4 Rcc1 24. Qxe7+ Kh6 25. Bxh3 Rxe1+ 26. Kg2 Rg1+ 27. Kf3 Rc3+ 28. e3 1-0

[Event "St Eufemia d'Aspromonte op 3rd"]
[Site "St Eufemia d'Aspromonte"]
[Date "2010.01.02"]
[Round "1"]
[White "Stromboli, Carlo"]
[Black "Tricomi, Massimo"]
[Result "1-0"]
[WhiteElo "2276"]
[BlackElo "1917"]
[PlyCount "41"]
[EventDate "2010.01.02"]
[EventType "swiss"]
[EventRounds "7"]
[EventCountry "ITA"]
[SourceTitle "CBM 134 Extra"]
[Source "ChessBase"]
[SourceDate "2010.03.03"]
[SourceVersion "1"]
[SourceVersionDate "2010.03.03"]
[SourceQuality "1"]

1. e4 Nc6 2. d4 d5 3. c4 e6 4. Be3 Nf6 5. e5 Bb4+ 6. Nc3 Ne4 7. Qc2 f5 8. 0-0-0 Nxc3 9. bxc3 Be7 10. g4 fxg4 11. Bd3 dxc4 12. Bxh7 Bg5 13. Qg6+ Kf8 14. Bxg5 Ne7 15. Qe4 Bd7 16. Qf4+ Ke8 17. Be4 Rf8 18. Qxg4 Bc6 19. d5 Bxd5 20. Rxd5 exd5 21. Bg6+ 1-0

[Event "Filadelfia op 1st"]
[Site "Filadelfia"]
[Date "2009.12.08"]
[Round "7"]
[White "Forlano, Luigi"]
[Black "Tricomi, Massimo"]
[Result "1/2-1/2"]
[WhiteElo "2018"]
[BlackElo "1916"]
[PlyCount "87"]
[EventDate "2009.12.05"]
[EventType "swiss"]
[EventRounds "7"]
[EventCountry "ITA"]
[SourceTitle "EXT 2012"]
[Source "ChessBase"]
[SourceDate "2011.11.24"]
[SourceVersion "1"]
[SourceVersionDate "2011.11.24"]
[SourceQuality "1"]

1. e4 Nc6 2. d4 d5 3. Nc3 e6 4. Nf3 Nf6 5. e5 Ne4 6. Bd3 f5 7. exf6 Nxf6 8. Bf4 Bd6 9. Qd2 0-0 10. Bxd6 cxd6 11. 0-0-0 e5 12. dxe5 dxe5 13. Bb5 Bg4 14. Nxd5 Nxd5 15. Qxd5+ Qxd5 16. Rxd5 Bxf3 17. gxf3 Rxf3 18. Bc4 Kh8 19. Rd7 Na5 20. Bd5 Rxf2 21. b4 Nc6 22. Rxb7 Nd4 23. c4 Rxa2 24. Kb1 Rf2 25. Rf7 Rxf7 26. Bxa8 Rf8 27. Bb7 Rb8 28. Rf1 g6 29. Rf7 e4 30. Kb2 e3 31. Kc3 e2 32. Re7 Rxb7 33. Re8+ Kg7 34. Kxd4 Rxb4 35. Rxe2 a5 36. Kd5 Kf6 37. c5 a4 38. c6 Rb1 39. Rc2 Rd1+ 40. Kc5 Ke7 41. Kb4 Kd8 42. Kxa4 Kc7 43. Kb5 Rd5+ 44. Kb4 1/2-1/2

[Event "Filadelfia op 1st"]
[Site "Filadelfia"]
[Date "2009.12.07"]
[Round "4"]
[White "Zampaglione, Francesco"]
[Black "Tricomi, Massimo"]
[Result "0-1"]
[WhiteElo "1425"]
[BlackElo "1916"]
[PlyCount "60"]
[EventDate "2009.12.05"]
[EventType "swiss"]
[EventRounds "7"]
[EventCountry "ITA"]
[SourceTitle "EXT 2012"]
[Source "ChessBase"]
[SourceDate "2011.11.24"]
[SourceVersion "1"]
[SourceVersionDate "2011.11.24"]
[SourceQuality "1"]

1. d4 d6 2. Nf3 g6 3. e3 Bg7 4. Bd3 Nf6 5. 0-0 0-0 6. Nbd2 Nbd7 7. c4 Re8 8. Re1 e5 9. dxe5 dxe5 10. Qc2 e4 11. Nxe4 Nxe4 12. Bxe4 Nc5 13. Rd1 Qf6 14. Bd3 Nxd3 15. Rxd3 Bf5 16. Nd4 Bxd3 17. Qxd3 c5 18. Nb5 Red8 19. Qe2 Qb6 20. a4 a6 21. a5 Qc6 22. Na3 Qd6 23. g3 Qd1+ 24. Qxd1 Rxd1+ 25. Kg2 Rad8 26. Nc2 R8d3 27. Rb1 Rb3 28. Na3 Bc3 29. Kf3 Bxa5 30. Nc2 Bd2 0-1